Early interactions between South and Southeast Asia (Record no. 946125)

MARC details
000 -LEADER
fixed length control field 00978nam a2200289Ia 4500
003 - CONTROL NUMBER IDENTIFIER
control field OSt
005 - DATE AND TIME OF LATEST TRANSACTION
control field 20221005035954.0
008 - FIXED-LENGTH DATA ELEMENTS--GENERAL INFORMATION
fixed length control field 221004b |||||||| |||| 00| 0 eng d
020 ## - INTERNATIONAL STANDARD BOOK NUMBER
International Standard Book Number 9788173048951 (hbk)
037 ## - SOURCE OF ACQUISITION
Terms of availability Textual
040 ## - CATALOGING SOURCE
Original cataloging agency CRL
Transcribing agency CRL
Language of cataloging eng
041 ## - LANGUAGE CODE
Source of code eng
Language code of text/sound track or separate title eng
100 ## - MAIN ENTRY--PERSONAL NAME
Personal name Manguin Pierre Yves Ed.
9 (RLIN) 38573
245 #0 - TITLE STATEMENT
Title Early interactions between South and Southeast Asia
Remainder of title reflections on cross-cultural exchange
260 ## - PUBLICATION, DISTRIBUTION, ETC.
Place of publication, distribution, etc. Delhi
Name of publisher, distributor, etc. Manohar India
Date of publication, distribution, etc. 2011
300 ## - PHYSICAL DESCRIPTION
Extent xxxi,514p.
Dimensions cm.
650 ## - SUBJECT ADDED ENTRY--TOPICAL TERM
Topical term or geographic name entry element ASIA - HISTORY
650 ## - SUBJECT ADDED ENTRY--TOPICAL TERM
Topical term or geographic name entry element ASIA - FOREIGN RELATIONS
700 ## - ADDED ENTRY--PERSONAL NAME
Personal name Mani A. Ed.
9 (RLIN) 588806
700 ## - ADDED ENTRY--PERSONAL NAME
Personal name Wade Geoff Ed.
942 ## - ADDED ENTRY ELEMENTS (KOHA)
Classification part V49G:192, Q1
Koha item type Textual
Source of classification or shelving scheme
Holdings
Withdrawn status Lost status Damaged status Not for loan Home library Current library Date acquired Source of acquisition Total Checkouts Full call number Barcode Date last seen Price effective from Koha item type
        Central Library Central Library 2022-10-05 0351, 03/03/2017, Synergy Books India   V49G:192 Q1 CL1639983 2022-10-05 2022-10-05 Textual
Copyright @ Delhi University Library System